<?xml version="1.0" encoding="UTF-8"?>
<collection xmlns="http://www.loc.gov/MARC21/slim">
<record>
  <controlfield tag="001">169845</controlfield>
  <controlfield tag="005">20260304131020.0</controlfield>
  <datafield tag="037" ind1=" " ind2=" ">
    <subfield code="a">TAZ-TFG-2025-4522</subfield>
  </datafield>
  <datafield tag="041" ind1=" " ind2=" ">
    <subfield code="a">spa</subfield>
  </datafield>
  <datafield tag="100" ind1="1" ind2=" ">
    <subfield code="a">Lalmolda Corona, Violeta</subfield>
  </datafield>
  <datafield tag="242" ind1="0" ind2="0">
    <subfield code="a">Human and Environmental Drivers of Renaturalization in Abandoned Agricultural Land in Depopulated Aragon</subfield>
  </datafield>
  <datafield tag="245" ind1="0" ind2="0">
    <subfield code="a">Efectos antrópicos y ambientales sobre la renaturalización de parcelas agrícolas abandonadas en el Aragón despoblado</subfield>
  </datafield>
  <datafield tag="260" ind1=" " ind2=" ">
    <subfield code="a">Zaragoza</subfield>
    <subfield code="b">Universidad de Zaragoza</subfield>
    <subfield code="c">2025</subfield>
  </datafield>
  <datafield tag="506" ind1=" " ind2=" ">
    <subfield code="a">by-nc-sa</subfield>
    <subfield code="b">Creative Commons</subfield>
    <subfield code="c">3.0</subfield>
    <subfield code="u">http://creativecommons.org/licenses/by-nc-sa/3.0/</subfield>
  </datafield>
  <datafield tag="520" ind1=" " ind2=" ">
    <subfield code="a">El cambio en el uso del suelo, impulsado por la despoblación y el abandono agrícola, constituye un motor clave de transformación ecológica en los sistemas rurales mediterráneos, favoreciendo procesos de revegetación y sucesión que inciden directamente en la biodiversidad. Este trabajo analiza los efectos combinados de variables ambientales y antrópicas sobre la biodiversidad multitrófica en parcelas agrícolas abandonadas del Aragón despoblado. Los datos proceden del proyecto ARBIO, que seleccionó 40 municipios en cinco regiones del valle del Ebro, muestreando en cada uno una parcela con más de 30 años de abandono y una parcela control sin intervención humana aparente, al menos desde 1956. Se recopilaron variables climáticas, edáficas, socioeconómicas, de paisaje y biodiversidad multitrófica (plantas, saltamontes y arañas) mediante trabajo de campo, sistemas de información geográfica y bases de datos oficiales. Los resultados muestran que la biodiversidad está determinada por la interacción entre características biofísicas, legado histórico del uso del suelo y configuración territorial. La estacionalidad climática, la disponibilidad de nutrientes, la heterogeneidad espacial y la conectividad ecológica fueron factores clave. La proximidad a explotaciones porcinas intensivas se relacionó negativamente con la biodiversidad vegetal, mientras que áreas con asentamientos dispersos y estabilidad demográfica mantuvieron mayor diversidad. Este estudio aporta información esencial para orientar la restauración ecológica y la planificación territorial en agroecosistemas mediterráneos afectados por la despoblación.&lt;br /></subfield>
  </datafield>
  <datafield tag="521" ind1=" " ind2=" ">
    <subfield code="a">Graduado en Ciencias Ambientales</subfield>
  </datafield>
  <datafield tag="540" ind1=" " ind2=" ">
    <subfield code="a">Derechos regulados por licencia Creative Commons</subfield>
  </datafield>
  <datafield tag="653" ind1="1" ind2=" ">
    <subfield code="a">Abandono agrícola</subfield>
  </datafield>
  <datafield tag="653" ind1="1" ind2=" ">
    <subfield code="a">Biodiversidad</subfield>
  </datafield>
  <datafield tag="653" ind1="1" ind2=" ">
    <subfield code="a">Agroecosistemas mediterráneos</subfield>
  </datafield>
  <datafield tag="653" ind1="1" ind2=" ">
    <subfield code="a">Revegetación</subfield>
  </datafield>
  <datafield tag="653" ind1="1" ind2=" ">
    <subfield code="a">Renaturalización pasiva</subfield>
  </datafield>
  <datafield tag="653" ind1="1" ind2=" ">
    <subfield code="a">Despoblación rural</subfield>
  </datafield>
  <datafield tag="653" ind1="1" ind2=" ">
    <subfield code="a">Aragón </subfield>
  </datafield>
  <datafield tag="653" ind1="1" ind2=" ">
    <subfield code="a">Conectividad del paisaje</subfield>
  </datafield>
  <datafield tag="653" ind1="1" ind2=" ">
    <subfield code="a">Factores socioeconómicos.</subfield>
  </datafield>
  <datafield tag="856" ind1="0" ind2=" ">
    <subfield code="f">818325@unizar.es</subfield>
  </datafield>
  <datafield tag="856" ind1="4" ind2=" ">
    <subfield code="s">3244283</subfield>
    <subfield code="u">http://zaguan.unizar.es/record/169845/files/TAZ-TFG-2025-4522.pdf</subfield>
    <subfield code="y">Memoria (spa)</subfield>
  </datafield>
  <datafield tag="909" ind1="C" ind2="O">
    <subfield code="o">oai:zaguan.unizar.es:169845</subfield>
    <subfield code="p">driver</subfield>
    <subfield code="p">trabajos-fin-grado</subfield>
  </datafield>
  <datafield tag="950" ind1=" " ind2=" ">
    <subfield code="a"></subfield>
  </datafield>
  <datafield tag="691" ind1=" " ind2=" ">
    <subfield code="a">12 13 15</subfield>
  </datafield>
  <datafield tag="692" ind1=" " ind2=" ">
    <subfield code="a">Objetivo 12: Garantizar modalidades de consumo y producción sostenibles. Se analiza  el estilo de vida del siglo y su evolución hasta la actualidad y se proponen  recomendaciones finales sobre soberanía rural.  Objetivo 13: Adoptar medidas urgentes para combatir el cambio climático y sus efectos.  Se aborda la relación entre el cambio climático y sus impactos derivados, así como las  consecuencias que estos provocan sobre la renaturalización y la dinámica poblacional.  Objetivo 15: Gestionar sosteniblemente los bosques, luchar contra la desertificación,  detener e invertir la degradación de las tierras, detener la pérdida de biodiversidad.  Directamente relacionado con la investigación desarrollada, centrada en variables  ambientales como el uso del suelo, el pH, el índice de aridez y su análisis en  ecosistemas mediterráneos de Aragón (España), donde avanza un proceso notable de  desertificación. </subfield>
  </datafield>
  <datafield tag="700" ind1=" " ind2=" ">
    <subfield code="a">Saiz Bustamante, Hugo y Romero del Moral, Alba</subfield>
    <subfield code="e">dir.</subfield>
  </datafield>
  <datafield tag="710" ind1="2" ind2=" ">
    <subfield code="a">Universidad de Zaragoza</subfield>
    <subfield code="b">Ciencias Agrarias y del Medio Natural</subfield>
    <subfield code="c">Ecología</subfield>
  </datafield>
  <datafield tag="980" ind1=" " ind2=" ">
    <subfield code="a">TAZ</subfield>
    <subfield code="b">TFG</subfield>
    <subfield code="c">EPSHUES</subfield>
  </datafield>
  <datafield tag="999" ind1=" " ind2=" ">
    <subfield code="a">20250923192253.CREATION_DATE</subfield>
  </datafield>
  <datafield tag="951" ind1=" " ind2=" ">
    <subfield code="a">deposita:2026-03-04</subfield>
  </datafield>
</record>
</collection>